Gardiens des citées perdues - Statistiques

Statistiques générales
  • Ce quiz a été pris 114 fois
  • Le résultat moyen est 55 sur 127
Statistiques - réponses
Nom % Correct
Sophie Foster
100%
Fitz Vacker
89%
Dex Dizznee
88%
Keefe Sencen
86%
Biana Vacker
85%
Princesse Romhilda
84%
Edaline Ruewen
83%
Grady Ruewen
83%
Alden Vacker
81%
Alvar Vacker
81%
Della Vacker
81%
Lex Dizznee
80%
Bex Dizznee
78%
Conseillère Oralie
78%
Gisela Sencen
76%
Jolie Ruewen
76%
Marella Redek
76%
Rex Dizznee
76%
Juline Dizznee
75%
Sir Astin
75%
Tam Song
75%
Linh Song
74%
Magnat Leto Kerlof
74%
Prentice Endal
73%
Kesler Dizznee
71%
Sandor
71%
Brant
70%
Botros
69%
Cassius Sencen
69%
Conseiller Bronte
68%
Conseiller Kenric
68%
Fintan Pyren
68%
Maruca Chebota
68%
Wylie Endal
68%
Amy Rose Foster
66%
Sir Tiergan Alenefar
66%
Conseillère Alina
65%
Conseiller Emery
65%
Stina Heks
63%
Fallon Vacker
59%
Grizel
59%
Emma Iris Foster
58%
Luzia Vacker
58%
Calla
56%
Roi Dimitar
56%
Conseiller Terik
55%
Mai Song
55%
Ruy Ignis
54%
William David Foster
54%
Jensi Babblos
53%
Maitre Cadence Talle
53%
Vespera Folend
53%
Cyrah Endal
51%
Flori
51%
Gethen Ondsinn
51%
Elwin Heslege
50%
Lady Galvin
50%
Quan Song
50%
Vika Heks
50%
Conseillère Clarette
49%
Orem Vacker
49%
Conseillère Zarina
48%
Conseiller Noland
46%
Livvy Sonden
46%
Lovise
46%
Reine Nubiti
46%
Woltzer
45%
Conseiller Darek
41%
Conseillère Liora
39%
Tarina
39%
Timkin Heks
39%
Caprise Redek
38%
Conseillère Velia
38%
Brielle
36%
Roi Enki
36%
Quinlin Sonden
35%
Conseillère Ramira
33%
Imperatrice Pernille
31%
Cadoc
30%
Reine Hylda
30%
Harlin Vacker
28%
Norene Vacker
28%
Benesh Vacker
26%
Lady Alexine
26%
Jurek
24%
Lady Zillah
24%
Ollie Heks
24%
Durand Redek
23%
Pelipa Heks
20%
Silla Heks
20%
Instructeur Bora
18%
Instructrice Wilda
18%
Instructrice Rohana
16%
Lesedi Chebota
16%
Reine Gundula
16%
Sir Bubu
16%
Valin
16%
Vertina
16%
Lady Anwen
15%
Ceri
14%
Fernan Babblos
14%
Sir Conley
14%
Lady Iskra
13%
Shayda Adel
13%
Sir Faxon
13%
Juji
11%
Lady Dara
11%
Lady Nissa
11%
Lady Sanja
11%
Lady Veda
11%
SIr Caton
11%
Sir Donwell
11%
Lady Belva
10%
Lady Delmira
10%
Lady Evera
10%
Sir Beckett
10%
Sir Harding
10%
Brisa
9%
Sir Rosings
9%
Dempsey Pemberley
8%
Sir Jarvin
8%
Sir Leander
8%
Trella
8%
Damel Kafuta
6%
Audric
5%
Dedra
5%
Huxley
5%
Aucun quiz correspondant
Distribution des résultats
% des personnes avec chaque résultat
Percentile par nombre de réponses
Votre historique - résultats
Vous n’avez pas pris ce quiz